[Event "Luxembourg-chT 1213"]
[Site "Luxembourg"]
[Date "2012.10.??"]
[Round "1"]
[White "Adam, Ken"]
[Black "Birtz, Claude"]
[Result "1-0"]
[WhiteElo "1941"]
[BlackElo "1811"]
[PlyCount "117"]
[EventDate "2012.10.??"]
[EventType "team-tourn"]
[EventRounds "10"]
[EventCountry "LUX"]
[SourceTitle "EXT 2017"]
[Source "ChessBase"]
[SourceDate "2016.10.25"]
[SourceVersion "1"]
[SourceVersionDate "2016.10.25"]
[SourceQuality "1"]

1. d4 d5 2. Bf4 e6 3. e3 Bd6 4. Bg3 Nf6 5. Nd2 c5 6. c3 Nc6 7. Bd3 a6 8. Ngf3 Bxg3 9. hxg3 Qb6 10. Qb3 Qxb3 11. axb3 cxd4 12. exd4 Bd7 13. b4 Na7 14. Ne5 Bb5 15. Nb3 Bxd3 16. Nxd3 Ne4 17. Nbc5 Nd6 18. Ke2 Nab5 19. g4 Ke7 20. g5 Rab8 21. Rh3 h5 22. Ne5 g6 23. Rxa6 Nc4 24. Ra2 Nxe5 25. dxe5 b6 26. Nd3 Ra8 27. Rxa8 Rxa8 28. Kd2 Na7 29. Rh1 Nc6 30. Kc2 Kd7 31. Rb1 Ne7 32. b3 Nf5 33. Kb2 Nh4 34. Rg1 Nf5 35. Ra1 Rxa1 36. Kxa1 Nh4 37. Nf4 Kc6 38. c4 dxc4 39. bxc4 Nf5 40. Kb2 Nd4 41. Kc3 Nf5 42. b5+ Kd7 43. Kd3 Kc7 44. Ke4 Kd7 45. Nd3 Nh4 46. g3 Nf5 47. Nf4 Kc7 48. Ne2 Kd7 49. Kf4 Kc7 50. g4 hxg4 51. Kxg4 Kd7 52. Kf4 Kc7 53. Ke4 Nh4 54. Nd4 Kd7 55. Nf3 Nf5 56. Nh2 Kc7 57. Ng4 Kd7 58. Nh6 Ke7 59. Nxf5+ 1-0